000 00274nam a2200121Ia 4500
008 190216s9999||||xx |||||||||||||| ||und||
100 _aBernardshaw
245 4 _aThe Apple Cart
260 _bOrient Longman
_c1963
300 _a159p
650 _aEnglish Drama
942 _cBK
999 _c11680
_d11680